[Event "Goodricke op 03rd"]
[Site "Kolkata"]
[Date "1992.??.??"]
[Round "5"]
[White "Sareen, Vishal"]
[Black "Bharathi, SC."]
[Result "1-0"]
[WhiteElo "2320"]
[BlackElo "2230"]
[PlyCount "75"]
[EventDate "1992.01.??"]
[EventType "swiss"]
[EventRounds "11"]
[EventCountry "IND"]
[SourceTitle "CBM 027 Extra"]
[Source "ChessBase"]
[SourceDate "1992.05.01"]
[SourceVersion "1"]
[SourceVersionDate "1992.05.01"]
[SourceQuality "1"]

1. e4 c5 2. Nc3 a6 3. Nf3 d6 4. d4 cxd4 5. Nxd4 Nf6 6. Be2 e5 7. Nb3 Be7 8. 0-0 0-0 9. Be3 b5 10. Nd5 Nbd7 11. a4 Nxd5 12. exd5 b4 13. a5 Nc5 14. Nd2 Qc7 15. Nc4 f5 16. Nb6 Ra7 17. Bd2 Nd7 18. Nxd7 Bxd7 19. Bxb4 Rb7 20. Qd2 Qb8 21. Ba3 Qa7 22. c4 Rf6 23. b4 e4 24. Qe3 Qb8 25. c5 Bb5 26. c6 Bxe2 27. Qxe2 Rb5 28. Qc4 Qc7 29. Bb2 Rg6 30. Bd4 f4 31. Bb6 Qc8 32. Qxe4 Rxb4 33. Qf3 Rh6 34. Rae1 Bf6 35. Re6 g5 36. Rfe1 Kf7 37. Qg4 Qg8 38. Qf5 1-0